[Event "Tiumen"]
[Site "Tiumen"]
[Date "2011.01.24"]
[Round "3"]
[White "Cherkasov, Nikolai"]
[Black "Bacherikov, Vitaly Valerievich"]
[Result "1-0"]
[WhiteElo "2329"]
[BlackElo "2260"]
[PlyCount "47"]
[EventDate "2011.01.22"]
[EventType "tourn"]
[EventRounds "11"]
[EventCountry "RUS"]
[EventCategory "2"]
[SourceTitle "EXT 2012"]
[Source "ChessBase"]
[SourceDate "2011.11.24"]
[SourceVersion "1"]
[SourceVersionDate "2011.11.24"]
[SourceQuality "1"]

1. e4 c6 2. d4 d5 3. exd5 cxd5 4. c4 Nf6 5. Nc3 e6 6. Nf3 Bb4 7. Bd3 dxc4 8. Bxc4 0-0 9. 0-0 a6 10. Ne5 b5 11. Qf3 Ra7 12. Bd3 Bb7 13. Qh3 Bxc3 14. bxc3 Be4 15. Bg5 Bxd3 16. Qxd3 Rc7 17. a4 Qc8 18. Bxf6 Rxc3 19. Qd2 gxf6 20. Ng4 Nd7 21. axb5 axb5 22. Ra7 Rc7 23. Ra3 f5 24. Nf6+ 1-0

[Event "Tiumen"]
[Site "Tiumen"]
[Date "2011.01.22"]
[Round "1"]
[White "Cherkasov, Nikolai"]
[Black "Yuzhakov, Oleg"]
[Result "0-1"]
[WhiteElo "2329"]
[BlackElo "2362"]
[PlyCount "66"]
[EventDate "2011.01.22"]
[EventType "tourn"]
[EventRounds "11"]
[EventCountry "RUS"]
[EventCategory "2"]
[SourceTitle "EXT 2012"]
[Source "ChessBase"]
[SourceDate "2011.11.24"]
[SourceVersion "1"]
[SourceVersionDate "2011.11.24"]
[SourceQuality "1"]

1. e4 e6 2. Qe2 c5 3. g3 Nc6 4. Nf3 Nge7 5. Bg2 g6 6. Nc3 Bg7 7. d3 d5 8. 0-0 d4 9. Nd1 Qc7 10. Ne1 Bd7 11. f4 f5 12. Nf3 0-0 13. Nf2 e5 14. fxe5 Rae8 15. Bf4 Nxe5 16. Nxe5 Bxe5 17. Bh6 Bg7 18. Qd2 fxe4 19. dxe4 Nc6 20. Nd3 c4 21. Bxg7 Kxg7 22. Nf4 Qe5 23. Rae1 Rf7 24. b3 c3 25. Qe2 Ref8 26. Nd3 Qg5 27. Rf4 Ne5 28. a4 b5 29. a5 Bg4 30. Qf2 Nxd3 31. Qxd4+ Ne5 32. h4 Qe7 33. Rxg4 Qf6 0-1

[Event "Polanica Zdroj op"]
[Site "Polanica Zdroj"]
[Date "1998.??.??"]
[Round "?"]
[White "Cherkasov, Nikolai"]
[Black "Eljanov, Pavel"]
[Result "0-1"]
[WhiteElo "2295"]
[BlackElo "2350"]
[PlyCount "54"]
[EventDate "1998.??.??"]
[EventType "swiss"]
[EventRounds "10"]
[EventCountry "POL"]
[SourceTitle "EXT 2003"]
[Source "ChessBase"]
[SourceDate "2002.11.25"]
[SourceVersion "1"]
[SourceVersionDate "2002.11.25"]
[SourceQuality "1"]

1. e4 c5 2. Nf3 Nc6 3. Nc3 e5 4. Bc4 d6 5. d3 Be7 6. h3 h6 7. Be3 Nf6 8. Qd2 Be6 9. Nd5 Bxd5 10. exd5 Nd4 11. Qd1 0-0 12. a4 Nd7 13. c3 Nxf3+ 14. Qxf3 f5 15. 0-0 e4 16. Qg3 Kh8 17. Bb5 Ne5 18. Bf4 Bh4 19. Qe3 Bg5 20. dxe4 c4 21. Bxg5 hxg5 22. Qe2 f4 23. Qh5+ Kg8 24. b3 f3 25. Bxc4 g6 26. Qh6 Qf6 27. g4 Qf4 0-1

[Event "Polanica Zdroj op"]
[Site "Polanica Zdroj"]
[Date "1998.??.??"]
[Round "?"]
[White "Cherkasov, Nikolai"]
[Black "Kalinin, Oleg"]
[Result "0-1"]
[WhiteElo "2295"]
[BlackElo "2445"]
[PlyCount "42"]
[EventDate "1998.??.??"]
[EventType "swiss"]
[EventRounds "10"]
[EventCountry "POL"]
[SourceTitle "EXT 2003"]
[Source "ChessBase"]
[SourceDate "2002.11.25"]
[SourceVersion "1"]
[SourceVersionDate "2002.11.25"]
[SourceQuality "1"]

1. e4 g6 2. d4 Bg7 3. Nc3 c6 4. Be3 d5 5. f3 Nf6 6. e5 Nfd7 7. Qd2 h6 8. Nge2 e6 9. Nf4 c5 10. Nb5 cxd4 11. Nd6+ Kf8 12. Bxd4 Nxe5 13. Nxb7 Bxb7 14. Qb4+ Kg8 15. Qxb7 Nbc6 16. Bxe5 Nxe5 17. Be2 Rb8 18. Qxa7 Nc6 19. Qc5 Rxb2 20. a4 Bd4 21. Qa3 Nb4 0-1

[Event "Polanica Zdroj op"]
[Site "Polanica Zdroj"]
[Date "1998.??.??"]
[Round "?"]
[White "Grabarczyk, Miroslaw"]
[Black "Cherkasov, Nikolai"]
[Result "1-0"]
[WhiteElo "2470"]
[BlackElo "2295"]
[PlyCount "75"]
[EventDate "1998.??.??"]
[EventType "swiss"]
[EventRounds "10"]
[EventCountry "POL"]
[SourceTitle "EXT 2003"]
[Source "ChessBase"]
[SourceDate "2002.11.25"]
[SourceVersion "1"]
[SourceVersionDate "2002.11.25"]
[SourceQuality "1"]

1. d4 Nf6 2. c4 g6 3. Nf3 Bg7 4. g3 0-0 5. Bg2 d6 6. 0-0 Nbd7 7. Nc3 e5 8. e4 exd4 9. Nxd4 Nc5 10. Nb3 Bg4 11. Qc2 Qd7 12. Nxc5 dxc5 13. Be3 Rfe8 14. f3 Be6 15. Rad1 Qc6 16. Nd5 Bxd5 17. cxd5 Qa6 18. Bxc5 Nd7 19. Bf2 Qxa2 20. Qxc7 Ne5 21. d6 Qxb2 22. d7 Red8 23. Rd5 Nc6 24. f4 Bc3 25. e5 a5 26. Rdd1 a4 27. Rb1 Qd2 28. Rfd1 Qe2 29. Qxb7 Nd4 30. Qxa8 Rxa8 31. Bxa8 Nc6 32. d8Q+ Nxd8 33. Rxd8+ Kg7 34. Bc5 h5 35. Rbb8 Qe1+ 36. Kg2 Qe2+ 37. Bf2 Bxe5 38. fxe5 1-0

[Event "Novokuznetsk op"]
[Site "Novokuznetsk"]
[Date "1998.??.??"]
[Round "5"]
[White "Kotenko, Pavel"]
[Black "Cherkasov, Nikolai"]
[Result "0-1"]
[WhiteElo "2275"]
[BlackElo "2295"]
[PlyCount "82"]
[EventDate "1998.??.??"]
[EventType "swiss"]
[EventRounds "9"]
[EventCountry "RUS"]
[SourceTitle "EXT 2001"]
[Source "ChessBase"]
[SourceDate "2000.11.22"]
[SourceVersion "1"]
[SourceVersionDate "2000.11.22"]
[SourceQuality "1"]

1. d4 d5 2. c4 c6 3. Nc3 Nf6 4. Nf3 g6 5. Bf4 Bg7 6. e3 0-0 7. Bd3 Nbd7 8. cxd5 Nxd5 9. Nxd5 cxd5 10. 0-0 Nf6 11. Qb3 Nh5 12. Bg3 Nxg3 13. hxg3 b6 14. Rac1 Bb7 15. a4 Qd6 16. a5 Rac8 17. a6 Rxc1 18. Rxc1 Rc8 19. Rxc8+ Bxc8 20. Ne1 e6 21. Bb5 Qc7 22. Nd3 Bf8 23. Kf1 Bd6 24. Qc3 Qxc3 25. bxc3 Kf8 26. Nb4 Bxb4 27. cxb4 Ke7 28. Bd3 Bd7 29. b5 f6 30. f4 e5 31. Kf2 Bg4 32. Ke1 Ke6 33. Kd2 Bf5 34. Be2 Be4 35. Bf1 Kf5 36. Ke2 Bb1 37. Kf3 h5 38. Be2 Bc2 39. Kf2 e4 40. Ke1 Bd3 41. Bd1 Bxb5 0-1

[Event "MK Cafe Cup-B"]
[Site "Koszalin"]
[Date "1998.??.??"]
[Round "9"]
[White "Kowalczyk, Lucjan"]
[Black "Cherkasov, Nikolai"]
[Result "0-1"]
[WhiteElo "2210"]
[BlackElo "2295"]
[PlyCount "54"]
[EventDate "1998.08.??"]
[EventType "swiss"]
[EventRounds "10"]
[EventCountry "POL"]
[SourceTitle "EXT 1999"]
[Source "ChessBase"]
[SourceDate "1998.11.16"]
[SourceVersion "1"]
[SourceVersionDate "1998.11.16"]
[SourceQuality "1"]

1. Nf3 c5 2. c4 Nc6 3. e3 g6 4. d4 Bg7 5. dxc5 Qa5+ 6. Nfd2 Qxc5 7. Nb3 Qe5 8. Nc3 Nf6 9. f4 Qc7 10. Be2 0-0 11. e4 d6 12. Be3 Na5 13. Nd2 b6 14. Rc1 Bb7 15. Nd5 Qd8 16. 0-0 Nxd5 17. exd5 Bxb2 18. Rc2 Bg7 19. f5 a6 20. Qb1 b5 21. cxb5 axb5 22. fxg6 hxg6 23. Rfc1 Bxd5 24. Qxb5 e6 25. Bb6 Qb8 26. a4 Nb3 27. Rb1 Qxb6+ 0-1

[Event "MK Cafe Cup-B"]
[Site "Koszalin"]
[Date "1998.??.??"]
[Round "4"]
[White "Okhotnik, Vladimir"]
[Black "Cherkasov, Nikolai"]
[Result "1-0"]
[WhiteElo "2405"]
[BlackElo "2295"]
[PlyCount "89"]
[EventDate "1998.08.??"]
[EventType "swiss"]
[EventRounds "10"]
[EventCountry "POL"]
[SourceTitle "EXT 1999"]
[Source "ChessBase"]
[SourceDate "1998.11.16"]
[SourceVersion "1"]
[SourceVersionDate "1998.11.16"]
[SourceQuality "1"]

1. e4 c5 2. c3 d5 3. exd5 Qxd5 4. d4 Nf6 5. Nf3 Bg4 6. Be2 e6 7. h3 Bh5 8. 0-0 Nc6 9. Be3 cxd4 10. cxd4 Bb4 11. a3 Ba5 12. Nbd2 0-0 13. Rc1 Bb6 14. Nc4 Rfd8 15. Nxb6 axb6 16. Qd2 Qa5 17. Rfd1 Qxd2 18. Rxd2 Bxf3 19. Bxf3 Nd5 20. Rd3 h6 21. Rb3 Nce7 22. Kf1 Ra4 23. Be2 Nf5 24. Rc4 Rda8 25. Bg4 Nd6 26. Rxa4 Rxa4 27. Bf3 Nc4 28. Ke2 Kf8 29. Kd3 Ke7 30. h4 Kd6 31. h5 f6 32. Bd1 Nc7 33. Bc1 e5 34. Rc3 Nxb2+ 35. Bxb2 Rxd4+ 36. Kc2 Rf4 37. Rf3 Rc4+ 38. Kb3 b5 39. Rd3+ Ke7 40. Rc3 Rxc3+ 41. Bxc3 b6 42. Bf3 Ke6 43. Be4 Na6 44. Bb4 Kd7 45. Bf5+ 1-0

[Event "Swidnica op rap"]
[Site "Swidnica"]
[Date "1998.??.??"]
[Round "?"]
[White "Sulskis, Sarunas"]
[Black "Cherkasov, Nikolai"]
[Result "1-0"]
[WhiteElo "2485"]
[BlackElo "2295"]
[PlyCount "57"]
[EventDate "1998.??.??"]
[EventType "swiss"]
[EventRounds "9"]
[EventCountry "POL"]
[SourceTitle "EXT 2003"]
[Source "ChessBase"]
[SourceDate "2002.11.25"]
[SourceVersion "1"]
[SourceVersionDate "2002.11.25"]
[SourceQuality "1"]

1. e4 c5 2. f4 Nc6 3. Nf3 g6 4. Bb5 Nd4 5. Nxd4 cxd4 6. 0-0 Qb6 7. Bd3 Nf6 8. a4 Bg7 9. a5 Qc5 10. b3 d6 11. Qe1 Bd7 12. a6 b5 13. Na3 Rb8 14. Bb2 Rb6 15. e5 Nd5 16. Qe4 Bf5 17. Qxd4 Bxd3 18. cxd3 0-0 19. Qxc5 dxc5 20. d4 c4 21. bxc4 bxc4 22. Nxc4 Rb4 23. d3 Bh6 24. g3 g5 25. f5 Rfb8 26. Ba3 Rb3 27. Bc5 Rxd3 28. Bxa7 Rb4 29. Bc5 1-0

[Event "Swidnica op rap"]
[Site "Swidnica"]
[Date "1997.??.??"]
[Round "1"]
[White "Cherkasov, Nikolai"]
[Black "Shariyazdanov, Andrey"]
[Result "0-1"]
[WhiteElo "2270"]
[BlackElo "2525"]
[PlyCount "44"]
[EventDate "1997.??.??"]
[EventType "swiss (rapid)"]
[EventRounds "9"]
[EventCountry "POL"]
[SourceTitle "EXT 2000"]
[Source "ChessBase"]
[SourceDate "1999.11.16"]
[SourceVersion "1"]
[SourceVersionDate "1999.11.16"]
[SourceQuality "1"]

1. e4 c5 2. Nf3 Nc6 3. d4 cxd4 4. Nxd4 Nf6 5. Nc3 e5 6. Nxc6 bxc6 7. Bc4 Bb4 8. Bg5 h6 9. Bh4 g5 10. Bg3 Nxe4 11. Qf3 Bxc3+ 12. bxc3 d5 13. Bxe5 0-0 14. Bd3 Re8 15. Bxe4 Rxe5 16. 0-0-0 Qe7 17. Bd3 c5 18. c4 g4 19. Qf4 dxc4 20. Bxc4 Re4 21. Qxh6 Rxc4 22. Rd5 Rxc2+ 0-1